The Journal of law and ethics (Record no. 15961)
[ view plain ]
| 000 -LEADER | |
|---|---|
| fixed length control field | 00279nam a22001097a 4500 |
| 008 - FIXED-LENGTH DATA ELEMENTS--GENERAL INFORMATION | |
| fixed length control field | 160520b xxu||||| |||| 00| 0 eng d |
| 020 ## - INTERNATIONAL STANDARD BOOK NUMBER | |
| International Standard Book Number | 9966530264 |
| 100 ## - MAIN ENTRY--PERSONAL NAME | |
| Personal name | Ongoya, Elisha |
| 245 ## - TITLE STATEMENT | |
| Title | The Journal of law and ethics |
| 250 ## - EDITION STATEMENT | |
| Edition statement | Volume 1 |
| 260 ## - PUBLICATION, DISTRIBUTION, ETC. (IMPRINT) | |
| Place of publication, distribution, etc. | Nairobi |
| Name of publisher, distributor, etc. | Law Africa |
| Date of publication, distribution, etc. | 2014 |
| Withdrawn status | Lost status | Source of classification or shelving scheme | Not for loan | Home library | Current library | Date acquired | Total Checkouts | Full call number | Barcode | Date last seen | Date last checked out | Copy number | Price effective from | Koha item type |
|---|---|---|---|---|---|---|---|---|---|---|---|---|---|---|
| Library of Congress Classification | Kabarak, Main Campus | Kabarak, Main Campus | 20/05/2016 | 1 | KABU-1-2014 C.1 | 019332 | 23/01/2021 | 23/01/2021 | C.1 | 20/05/2016 | Reserve Collection |